000 00282nam a2200121Ia 4500
008 190216s9999||||xx |||||||||||||| ||und||
100 _aAbdullah Yusuf Ali
245 4 _aThe Holy Qur`An 2
260 _bIndian Open University Books
300 _a1863p
650 _aArabic
942 _cBK
999 _c313
_d313